000 00617 a2200169 4500
020 _a0521829607
020 _a9780521829601
082 0 4 _a530.15
090 _c874
_d874
100 1 _aSzekeres, Peter.
245 1 2 _aA course in modern mathematical physics :
_bgroups, hilbert space and differential geometry /
_cPeter Szekeres.
260 _a[S.l.] :
_bCambridge University Press,
_c2004.
300 _a600 p. ;
_c25 cm.
700 _aSzekeres, Peter.
942 _aSNS
_cBK
_k530.15 SZE
999 _c29497
_d29497